1954 1799 1528 1656 1046 1568 1285 1450 1017 1470 1216 1890 1660 1705 1348 1494 1736 1436 1366 1745 1988 1190 1478 1312 1317 1012 1508 1964 1756 1214 1045 1406 1001 1045 1934 1781 1103 1193 1611 1075 1287 1462 1990 1964 1092 1850 1888 1921 1096 1257 1756 1950 1008 1440 1649 1547 1603 1732 1433 1338 1875 1665 1442 1651 1550 1567 1946 1165 1661 1574 1120 1245 1130 1315 1673 1089 1840 1308 1339 1820 1868 1195 1905 1767 1966 1875 1462 1809 1096 1155 1778 1316 1999 1900 1585 1226 1106 1264 1782 BCNSPRNW ULIB Ver.6.0+V

เปลี่ยนเป็นภาษาไทย

Change to English
 แสดงรายละเอียดบรรณานุกรม
  กลับหน้าหลัก

Brief Record : Get Marc (ISO 2709) : E-mail record : QR code < ปิดหน้าต่าง
LEADER : 00000nam 2200000uu 4500
001    13399125854
003     ULIB
008    020711s2016 th a 000 0 eng d
020    ^a9781259587702
060    ^aWB18.2^bT-C
100    ^aToy, Eugene C.
245    ^aCase files.Family medicine/^bToy, Eugene C.
250    ^a4th ed
260    ^aPhiladelphia :^bMcGraw-hill,^c2016
300    ^a691 pages;^c22 cm
650    ^aFamily Practice-Case Reports
945    ^p947^l0^i003236
999    ^aประนอม เกษจรัล
รายการนี้ยังไม่มีแท็ก
คุณยังไม่ได้ล็อกอิน คุณสามารถมีกิจกรรมร่วมกับเว็บไซต์ได้ แต่ต้องล็อกอินก่อน ::
  ล็อกอิน

รายการสื่อสารสนเทศ

ลำดับที่ ประเภท เลขเรียก/บาร์โค้ด สถานที่ สถานะ
1. วิทยาศาสตร์การแพทย์ และสุขภาพ
หนังสือสำรอง
สถานะ=หนังสือสำรอง
WB18.2 T-C ฉ.1 
  Barcode: 003236
ห้องสมุดวิทยาเขตสวรรค์ประชารักษ์
►หนังสือทั่วไป
บนชั้น

BibComment


ยังไม่เคยถูกคอมเมนท์

คอมเมนท์ทรัพยากรรายการนี้
  คอมเมนท์: Case filesFamily..


 Copyright 2026. Bcnsprnw @Library